000 00373nam a2200133Ia 4500
008 231129s1994||||xx |||||||||||||| ||spa||
020 _a958-04-2776-3
082 _a(i)808.068543 B736s
100 _aBornemann Elsa.
245 0 _aSocorro Diez (Libro pesadillesco)
260 _c1994
264 _aBogotá : Norma.
942 _2ddc
_cBKS
999 _c24779
_d24779